Možnosti využitia evolučných algoritmov pri riešení optimalizačných úloh bakalárska práca

Guardado en:
Detalles Bibliográficos
Autor principal: Pajdlhauser, Juraj
Autor Corporativo: Fakulta hospodárskej informatiky EU. Katedra operačného výskumu a ekonometrie
Otros Autores: Čičková, Zuzana, 1978-
Formato: Libro
Lenguaje:eslovaco
Publicado: Bratislava 2023
Etiquetas: Agregar Etiqueta
Sin Etiquetas, Sea el primero en etiquetar este registro!

MARC

LEADER 00000nbm a2200000 4500
001 0295122
005 20240304094200.7
041 0 |a slo 
044 |a SK 
245 1 0 |a Možnosti využitia evolučných algoritmov pri riešení optimalizačných úloh  |b bakalárska práca  |c Juraj Pajdlhauser ; školiteľ: Zuzana Čičková 
264 1 |a Bratislava  |c 2023 
300 |a 44 s. 
100 1 |a Pajdlhauser, Juraj 
700 1 |a Čičková, Zuzana, 1978- 
710 2 |a Fakulta hospodárskej informatiky EU. Katedra operačného výskumu a ekonometrie